Statistiche per Riconosci lo Stato - Quiz n°124

Clicka qui per fare il quiz!

Statistiche generali

  • Questo quiz è stato fatto 10 volte
  • Il punteggio medio è 11 su 12

Statistiche sulle risposte

IndizioRisposta% Corretto
Popolazione5 964 059 ab.
100%
Iniziale della CapitaleC
100%
ValutaCorona
100%
Forma di GovernoMonarchia parlamentare
100%
Fuso OrarioUTC+1
UTC+2 in ora legale
100%
Tasso di crescita0,8%
89%
ISU0,948
89%
PIL (nominale)306 100 milioni di dollari
89%
Superficie43 094 km²
89%
RispostaDanimarca
89%
ReFederico X
89%
Primo ministroMette Frederiksen
89%

Distribuzione punteggi

Percentile per numero di risposta

Percentuale di utenti per punteggio

I tuoi punteggi nel tempo

Non hai fatto questo quiz